Zufällige deutsche Stadt-Suffixe - Statistiken

Allgemein
  • Dieses Quiz wurde 344 mal gespielt
    317 seit der letzten Aktualisierung
  • Das Durchschnittsergebnis liegt bei 11 aus 16
Antwortstatistiken
Wortanfang Suffix % Korrekt
Mönchenglad bach
100%
Wies baden | loch
100%
Düssel dorf
100%
Buxte hude
100%
Schles wig
100%
Osna brück
97%
Regens burg
97%
Ludwigs burg | felde | hafen
97%
Cott bus
97%
Dres den
96%
Zwick au
95%
Aa chen | len
95%
Pots dam
95%
Wilhelms haven
95%
Mann heim
95%
Dort mund
95%
Ingol stadt
95%
Frank furt
94%
Lever kusen
94%
Güters loh
94%
Stral sund
94%
Mühl acker | dorf | hausen | heim
93%
Darm stadt
93%
Wupper tal
93%
Chem nitz
92%
Salz gitter | kotten | wedel
90%
Saar brücken | louis
89%
Schwäbisch Gmünd | Hall
89%
Braun schweig
89%
Herzogen aurach | rath
88%
Karls feld | ruhe
88%
Heil bronn | igenhaus
87%
Ober hausen | kirch | ursel
87%
Kaisers lautern
87%
Gör litz
87%
Eus kirchen
86%
Kob lenz
86%
Greifs wald
85%
Kons tanz
84%
Norder stedt
83%
Wis mar
82%
Pirma sens
82%
Aschers leben
81%
Bay reuth
81%
Delmen horst
80%
Gos lar
80%
Rem scheid | seck
80%
Dins laken
79%
Wolfen büttel
78%
Sindel fingen
78%
Villingen-Schwen ningen
78%
Lands berg | hut
77%
Fürstenfeld bruck
77%
Bot trop
77%
Bad Kreuz nach
75%
Iser lohn
74%
Strau bing
73%
Det mold
72%
Kauf beuren
70%
Eckern förde
70%
Gif horn
67%
Wein garten | heim | stadt
66%
Mett mann
66%
Glad beck
65%
Greven broich
64%
Bad Salz uflen | ungen
60%
Ibben büren
59%
Donau eschingen | wörth
59%
Hoyers werda
59%
Langen feld | hagen
57%
Rade beul | vormwald
55%
Bruch köbel | sal
54%
Radolf zell
54%
Rhein bach | berg | e | felden | stetten
52%
Meer busch
51%
Esch born | weiler
47%
Pfaffen hofen
47%
Oer-Erken schwick
46%
Stadt allendorf | hagen | lohn
45%
Ems detten
45%
Haß loch
43%
Drei eich
42%
Unter haching | schleißheim
42%
Harse winkel
42%
Königs brunn | winter
38%
Lichten fels
38%
Ell wangen
38%
Geest hacht | land
37%
Buch holz
36%
Gerets ried
33%
Blies kastel
31%
Atten dorn
29%
Falken see
29%
Wipper fürth
28%
Burg dorf | wedel
26%
Keve laer
25%
Neu Wulms torf
24%
Röder mark
19%
Wald bröl | kirch | kraiburg | shut-Tiengen
14%
Keine übereinstimmenden Quizze gefunden
Verteilung der Resultate
Anzahl Personen mit jedem Resultat
Perzentil nach korrekt beantworteten Fragen
Ihre Resultats-Entwicklung
Sie haben dieses Quiz seit der letzten Aktualisierung nicht gespielt